The NHL Teams of Mark Recchi - Statistics

General Stats
  • This quiz has been taken 20 times
  • The average score is 6 of 7
Answer Stats
SC Years Answer % Correct
1992-1995, 1999-2004 Philadelphia Flyers
100%
Y 1988-1992, 2005-2006, 2006-2008 Pittsburgh Penguins
100%
Y 2009-2011 Boston Bruins
94%
1995-1999 Montreal Canadiens
89%
Y 2006 Carolina Hurricanes
78%
2007-2008 Atlanta Thrashers
72%
2008-2009 Tampa Bay Lightning
61%
No matching quizzes found
Score Distribution
Percent of People with Each Score
Percentile by Number Answered
Your Score History
You have not taken this quiz